MARC

LEADER 00000nam0a2200000 4500
001 252781
005 20231101232801.0
035 |a (RuTPU)RU\TPU\book\275135 
090 |a 252781 
100 |a 20140305d1988 k a0rusy5003 ca 
101 0 |a rus 
102 |a RU 
105 |a a z 001zy 
200 1 |a Массообменные процессы и аппараты химической технологии  |e межвузовский сборник научных трудов  |f Казанский химико-технологический институт им. С. М. Кирова (КХТИ) ; под ред. С. Г. Дьяконова 
210 |a Казань  |c Изд-во КХТИ  |d 1988 
215 |a 164 с.  |c ил. 
320 |a Библиогр. в конце ст. 
606 1 |a Массообмен в химической технологии  |2 stltpush  |3 (RuTPU)RU\TPU\subj\41158  |9 60973 
610 1 |a химическая аппаратура 
610 1 |a массообменные процессы 
610 1 |a массообменные аппараты 
610 1 |a гидродинамика 
610 1 |a математическое моделирование 
610 1 |a химические реакторы 
675 |a 66.021.3  |z rus 
702 1 |a Дьяконов  |b С. Г.  |4 340 
712 0 2 |a Казанский химико-технологический институт им. С. М. Кирова (КХТИ)  |c (1935-1992)  |2 stltpush  |3 (RuTPU)RU\TPU\col\3704 
801 0 |a RU  |b RuMRKP  |c 19950417  |g psbo 
801 1 |a RU  |b 63413507  |c 20140305 
801 2 |a RU  |b 63413507  |c 20151103  |g RCR 
942 |c BK